Sports Quiz

Random Sports or Baseball Quiz

Philadelphia Phillies Opening Day Starting Pitchers Quiz Stats

 Plays Quiz Updated Apr 2, 2018

Score 0/136 Timer 15:00
0 Plays Today
Year Starter % Correct
2010Roy Halladay
86.9%
2011Roy Halladay
86.9%
2012Roy Halladay
86.9%
2014Cliff Lee
79.9%
2013Cole Hamels
79.2%
2015Cole Hamels
79%
1972Steve Carlton
79%
1973Steve Carlton
79%
1974Steve Carlton
79%
1975Steve Carlton
79%
1977Steve Carlton
79%
1978Steve Carlton
79%
1979Steve Carlton
79%
1980Steve Carlton
79%
1981Steve Carlton
79%
1982Steve Carlton
79%
1983Steve Carlton
79%
1984Steve Carlton
79%
1985Steve Carlton
79%
1986Steve Carlton
79%
1994Curt Schilling
66.8%
1995Curt Schilling
66.8%
1997Curt Schilling
66.8%
1998Curt Schilling
66.8%
1999Curt Schilling
66.8%
2018Aaron Nola
61.3%
1950Robin Roberts
57%
1951Robin Roberts
57%
1952Robin Roberts
57%
1953Robin Roberts
57%
1954Robin Roberts
57%
1955Robin Roberts
57%
1956Robin Roberts
57%
1957Robin Roberts
57%
1958Robin Roberts
57%
1959Robin Roberts
57%
1960Robin Roberts
57%
1961Robin Roberts
57%
1967Jim Bunning
42.8%
1937Syl Johnson
40.9%
1942Si Johnson
40.9%
1914Grover Cleveland Alexander
40.8%
1915Grover Cleveland Alexander
40.8%
1916Grover Cleveland Alexander
40.8%
1917Grover Cleveland Alexander
40.8%
1912Grover Cleveland Alexander
40.5%
Year Starter % Correct
2016Jeremy Hellickson
40.1%
2017Jeremy Hellickson
40.1%
2007Brett Myers
38.7%
2008Brett Myers
38.7%
2009Brett Myers
38.7%
1991Terry Mulholland
31.9%
1992Terry Mulholland
31.9%
1993Terry Mulholland
31.9%
2003Kevin Millwood
22.5%
2004Kevin Millwood
22.5%
1965Chris Short
21.3%
1966Chris Short
21.3%
1968Chris Short
21.3%
1969Chris Short
21.3%
1970Chris Short
21.3%
1971Chris Short
21.3%
2005Jon Lieber
20.9%
2006Jon Lieber
20.9%
2002Robert Person
18.7%
1935Curt Davis
18.1%
1936Curt Davis
18.1%
2001Omar Daal
15.1%
1976Jim Kaat
14.1%
2000Andy Ashby
13.4%
1941Cy Blanton
13.3%
1996Sid Fernandez
13%
1987Shane Rawley
12.8%
1988Shane Rawley
12.8%
1990Bruce Ruffin
12.5%
1962Art Mahaffey
8.5%
1963Art Mahaffey
8.5%
1920Eppa Rixey
7.7%
1895Jack Taylor
7.3%
1896Jack Taylor
7.3%
1989Floyd Youmans
7.3%
1892Tim Keefe
6.7%
1911Earl Moore
6.4%
1932Phil Collins
6.3%
1884Charlie Ferguson
6%
1885Charlie Ferguson
6%
1964Dennis Bennett
5.5%
1947Schoolboy Rowe
5.4%
1948Dutch Leonard
5.2%
1939Hugh Mulcahy
4.9%
1900Al Orth
4.8%
1897Al Orth
4.8%
Year Starter % Correct
1923Bill Hubbell
4.7%
1925Hal Carlson
4.7%
1926Hal Carlson
4.7%
1927Hal Carlson
4.7%
1888Kid Gleason
4.6%
1890Kid Gleason
4.6%
1891Kid Gleason
4.6%
1921Jimmy Ring
4.4%
1924Jimmy Ring
4.4%
1928Jimmy Ring
4.4%
1883John Coleman
4.3%
1908George McQuillan
4.2%
1918Erskine Mayer
4.2%
1949Ken Heintzelman
4%
1931Hal Elliott
4%
1934Jumbo Elliott
4%
1909Harry Coveleski
3.8%
1889Charlie Buffinton
3.8%
1893Gus Weyhing
3.7%
1894Gus Weyhing
3.7%
1945Ken Raffensberger
3.6%
1886Dan Casey
3.6%
1887Ed Daily
3.6%
1903Chick Fraser
3.5%
1898Red Donahue
3.5%
1940Kirby Higbe
3.5%
1944Dick Barrett
3.5%
1913Tom Seaton
3.4%
1930Les Sweetland
3.4%
1922Lee Meadows
3.3%
1929Claude Willoughby
3.2%
1933Flint Rhem
3.2%
1946Oscar Judd
3.2%
1904Bill Duggleby
3.2%
1919Elmer Jacobs
3.2%
1901Jack Dunn
3%
1938Wayne LaMaster
2.9%
1906Johnny Lush
2.9%
1905Togie Pittinger
2.9%
1899Wiley Piatt
2.8%
1902Harry Felix
2.7%
1943Al Gerheauser
2.7%
1907Frank Corridon
2.7%
1910George McQuillian
2.2%

You're not logged in!

Compare scores with friends on all Sporcle quizzes.
Join for Free
OR
Log In

Show Comments

Extras

Top Quizzes Today


Score Distribution

Your Account Isn't Verified!

In order to create a playlist on Sporcle, you need to verify the email address you used during registration. Go to your Sporcle Settings to finish the process.

Report this User

Report this user for behavior that violates our Community Guidelines.

Details: